Formula One World Champions - Team Principals - Statistics

General Stats
  • This quiz has been taken 20 times
  • The average score is 80 of 138
Answer Stats
Year Drivers' Champion Driving for... Team Principal % Correct
Drivers' Champions 2024 Max Verstappen Red Bull Christian Horner
95%
Drivers' Champions 2023 Max Verstappen Red Bull Christian Horner
95%
Drivers' Champions 2022 Max Verstappen Red Bull Christian Horner
95%
Drivers' Champions 2021 Max Verstappen Red Bull Christian Horner
95%
Drivers' Champions 2013 Sebastian Vettel Red Bull Christian Horner
95%
Drivers' Champions 2012 Sebastian Vettel Red Bull Christian Horner
95%
Drivers' Champions 2011 Sebastian Vettel Red Bull Christian Horner
95%
Drivers' Champions 2010 Sebastian Vettel Red Bull Christian Horner
95%
Constructors' Champions 2023 - Red Bull Christian Horner
95%
Constructors' Champions 2022 - Red Bull Christian Horner
95%
Constructors' Champions 2013 - Red Bull Christian Horner
95%
Constructors' Champions 2012 - Red Bull Christian Horner
95%
Constructors' Champions 2011 - Red Bull Christian Horner
95%
Constructors' Champions 2010 - Red Bull Christian Horner
95%
Drivers' Champions 2020 Lewis Hamilton Mercedes Toto Wolff
89%
Drivers' Champions 2019 Lewis Hamilton Mercedes Toto Wolff
89%
Drivers' Champions 2018 Lewis Hamilton Mercedes Toto Wolff
89%
Drivers' Champions 2017 Lewis Hamilton Mercedes Toto Wolff
89%
Drivers' Champions 2016 Nico Rosberg Mercedes Toto Wolff
89%
Drivers' Champions 2015 Lewis Hamilton Mercedes Toto Wolff
89%
Drivers' Champions 2014 Lewis Hamilton Mercedes Toto Wolff
89%
Constructors' Champions 2021 - Mercedes Toto Wolff
89%
Constructors' Champions 2020 - Mercedes Toto Wolff
89%
Constructors' Champions 2019 - Mercedes Toto Wolff
89%
Constructors' Champions 2018 - Mercedes Toto Wolff
89%
Constructors' Champions 2017 - Mercedes Toto Wolff
89%
Constructors' Champions 2016 - Mercedes Toto Wolff
89%
Constructors' Champions 2015 - Mercedes Toto Wolff
89%
Constructors' Champions 2014 - Mercedes Toto Wolff
89%
Drivers' Champions 2006 Fernando Alonso Renault Flavio Briatore
79%
Drivers' Champions 2005 Fernando Alonso Renault Flavio Briatore
79%
Drivers' Champions 1995 Michael Schumacher Benetton Flavio Briatore
79%
Drivers' Champions 1994 Michael Schumacher Benetton Flavio Briatore
79%
Constructors' Champions 2006 - Renault Flavio Briatore
79%
Constructors' Champions 2005 - Renault Flavio Briatore
79%
Constructors' Champions 1995 - Benetton Flavio Briatore
79%
Drivers' Champions 2007 Kimi Räikkönen Ferrari Jean Todt
79%
Drivers' Champions 2004 Michael Schumacher Ferrari Jean Todt
79%
Drivers' Champions 2003 Michael Schumacher Ferrari Jean Todt
79%
Drivers' Champions 2002 Michael Schumacher Ferrari Jean Todt
79%
Drivers' Champions 2001 Michael Schumacher Ferrari Jean Todt
79%
Drivers' Champions 2000 Michael Schumacher Ferrari Jean Todt
79%
Constructors' Champions 2007 - Ferrari Jean Todt
79%
Constructors' Champions 2004 - Ferrari Jean Todt
79%
Constructors' Champions 2003 - Ferrari Jean Todt
79%
Constructors' Champions 2002 - Ferrari Jean Todt
79%
Constructors' Champions 2001 - Ferrari Jean Todt
79%
Constructors' Champions 2000 - Ferrari Jean Todt
79%
Constructors' Champions 1999 - Ferrari Jean Todt
79%
Drivers' Champions 2008 Lewis Hamilton McLaren Ron Dennis
74%
Drivers' Champions 1999 Mika Häkkinen McLaren Ron Dennis
74%
Drivers' Champions 1998 Mika Häkkinen McLaren Ron Dennis
74%
Drivers' Champions 1991 Ayrton Senna McLaren Ron Dennis
74%
Drivers' Champions 1990 Ayrton Senna McLaren Ron Dennis
74%
Drivers' Champions 1989 Alain Prost McLaren Ron Dennis
74%
Drivers' Champions 1988 Ayrton Senna McLaren Ron Dennis
74%
Drivers' Champions 1986 Alain Prost McLaren Ron Dennis
74%
Drivers' Champions 1985 Alain Prost McLaren Ron Dennis
74%
Drivers' Champions 1984 Niki Lauda McLaren Ron Dennis
74%
Constructors' Champions 1998 - McLaren Ron Dennis
74%
Constructors' Champions 1991 - McLaren Ron Dennis
74%
Constructors' Champions 1990 - McLaren Ron Dennis
74%
Constructors' Champions 1989 - McLaren Ron Dennis
74%
Constructors' Champions 1988 - McLaren Ron Dennis
74%
Constructors' Champions 1985 - McLaren Ron Dennis
74%
Constructors' Champions 1984 - McLaren Ron Dennis
74%
Drivers' Champions 1997 Jacques Villeneuve Williams Frank Williams
68%
Drivers' Champions 1996 Damon Hill Williams Frank Williams
68%
Drivers' Champions 1993 Alain Prost Williams Frank Williams
68%
Drivers' Champions 1992 Nigel Mansell Williams Frank Williams
68%
Drivers' Champions 1987 Nelson Piquet Williams Frank Williams
68%
Drivers' Champions 1982 Keke Rosberg Williams Frank Williams
68%
Drivers' Champions 1980 Alan Jones Williams Frank Williams
68%
Constructors' Champions 1997 - Williams Frank Williams
68%
Constructors' Champions 1996 - Williams Frank Williams
68%
Constructors' Champions 1994 - Williams Frank Williams
68%
Constructors' Champions 1993 - Williams Frank Williams
68%
Constructors' Champions 1992 - Williams Frank Williams
68%
Constructors' Champions 1987 - Williams Frank Williams
68%
Constructors' Champions 1986 - Williams Frank Williams
68%
Constructors' Champions 1981 - Williams Frank Williams
68%
Constructors' Champions 1980 - Williams Frank Williams
68%
Drivers' Champions 2009 Jenson Button Brawn Ross Brawn
68%
Constructors' Champions 2009 - Brawn Ross Brawn
68%
Constructors' Champions 2024 - McLaren Andrea Stella
58%
Drivers' Champions 1967 Denny Hulme Brabham Jack Brabham
58%
Drivers' Champions 1966 Jack Brabham Brabham Jack Brabham
58%
Constructors' Champions 1967 - Brabham Jack Brabham
58%
Constructors' Champions 1966 - Brabham Jack Brabham
58%
Drivers' Champions 1978 Mario Andretti Lotus Colin Chapman
42%
Drivers' Champions 1972 Emerson Fittipaldi Lotus Colin Chapman
42%
Drivers' Champions 1970 Jochen Rindt Lotus Colin Chapman
42%
Drivers' Champions 1968 Graham Hill Lotus Colin Chapman
42%
Drivers' Champions 1965 Jim Clark Lotus Colin Chapman
42%
Drivers' Champions 1963 Jim Clark Lotus Colin Chapman
42%
Constructors' Champions 1978 - Lotus Colin Chapman
42%
Constructors' Champions 1973 - Lotus Colin Chapman
42%
Constructors' Champions 1972 - Lotus Colin Chapman
42%
Constructors' Champions 1970 - Lotus Colin Chapman
42%
Constructors' Champions 1968 - Lotus Colin Chapman
42%
Constructors' Champions 1965 - Lotus Colin Chapman
42%
Constructors' Champions 1963 - Lotus Colin Chapman
42%
Drivers' Champions 1973 Jackie Stewart Tyrrell Ken Tyrrell
37%
Drivers' Champions 1971 Jackie Stewart Tyrrell Ken Tyrrell
37%
Drivers' Champions 1969 Jackie Stewart Matra Ken Tyrrell
37%
Constructors' Champions 1971 - Tyrrell Ken Tyrrell
37%
Constructors' Champions 1969 - Matra Ken Tyrrell
37%
Drivers' Champions 1960 Jack Brabham Cooper John Cooper
26%
Drivers' Champions 1959 Jack Brabham Cooper John Cooper
26%
Constructors' Champions 1960 - Cooper John Cooper
26%
Constructors' Champions 1959 - Cooper John Cooper
26%
Drivers' Champions 1983 Nelson Piquet Brabham Bernie Ecclestone
21%
Drivers' Champions 1981 Nelson Piquet Brabham Bernie Ecclestone
21%
Drivers' Champions 1975 Niki Lauda Ferrari Luca C. di Montezemolo
21%
Constructors' Champions 1975 - Ferrari Luca C. di Montezemolo
21%
Constructors' Champions 2008 - Ferrari Stefano Domenicali
21%
Drivers' Champions 1955 Juan Manuel Fangio Mercedes Alfred Neubauer
11%
Drivers' Champions 1976 James Hunt McLaren Teddy Mayer
11%
Drivers' Champions 1974 Emerson Fittipaldi McLaren Teddy Mayer
11%
Constructors' Champions 1974 - McLaren Teddy Mayer
11%
Drivers' Champions 1962 Graham Hill BRM Alfred Owen
5%
Constructors' Champions 1962 - BRM Alfred Owen
5%
Constructors' Champions 1976 - Ferrari Daniele Audetto
5%
Drivers' Champions 1979 Jody Scheckter Ferrari Marco Piccinini
5%
Constructors' Champions 1983 - Ferrari Marco Piccinini
5%
Constructors' Champions 1982 - Ferrari Marco Piccinini
5%
Constructors' Champions 1979 - Ferrari Marco Piccinini
5%
Constructors' Champions 1958 - Vanwall Tony Vandervell
5%
Drivers' Champions 1956 Juan Manuel Fangio Ferrari Eraldo Sculati
0%
Drivers' Champions 1964 John Surtees Ferrari Eugenio Dragoni
0%
Constructors' Champions 1964 - Ferrari Eugenio Dragoni
0%
Drivers' Champions 1953 Alberto Ascari Ferrari Nello Ugolini
0%
Drivers' Champions 1952 Alberto Ascari Ferrari Nello Ugolini
0%
Drivers' Champions 1977 Niki Lauda Ferrari Roberto Nosetto
0%
Constructors' Champions 1977 - Ferrari Roberto Nosetto
0%
Drivers' Champions 1961 Phil Hill Ferrari Romolo Tavoni
0%
Drivers' Champions 1958 Mike Hawthorn Ferrari Romolo Tavoni
0%
Constructors' Champions 1961 - Ferrari Romolo Tavoni
0%
No matching quizzes found
Score Distribution
Percent of People with Each Score
Percentile by Number Answered
Your Score History
You have not taken this quiz